• 首页
  • 本馆介绍
  • 公告通知
  • 最新文献
  • 馆藏检索
  • 电子资源
  • 读者导购
  • 参考咨询
  • 我的图书馆
  • 登录
  • 详细信息显示
  • 放入我的书架
  • 预约/预借图书
  • 作者相关作品
  • 分类相关作品
  • 丛书相关作品
  • 出版社相关作品

书目信息

  • 表格格式
  • 工作单格式
  • 卡片格式
题名:
新型有机合成子构建含氮杂环研究
    
 
作者: 闫溢哲 著
分册:  
出版信息: 北京   中国纺织出版社有限公司  2020.09
页数: 186页
开本: 24cm
丛书名:
单 册:
中图分类: O626
科图分类:
主题词: 杂环化合物--za huan hua he wu--研究
电子资源:
ISBN: 978-7-5180-7607-9
000 00981nam0 2200241 450
001 CAL 0120203106542
005 20230217093112.0
010    @a978-7-5180-7607-9@dCNY68.00
100    @a20201207d2020 em y0chiy0120 ea
101 0  @achi
102    @aCN@b110000
105    @aak a 000yy
106    @ar
200 1  @a新型有机合成子构建含氮杂环研究@Axin xing you ji he cheng zi gou jian han dan za huan yan jiu@f闫溢哲著
210    @a北京@c中国纺织出版社有限公司@d2020.09
215    @a186页@c图@d24cm
320    @a有书目
330    @a本书针对课题组关于新型有机合成子用于含氮杂环化合物合成的研究成果, 主要介绍作者利用新型碳合成子 (酰胺、叔胺、醚、醇、卤代烃、脂肪酸衍生物) 或新型氮合成子 (硝基甲烷、亚硝酸叔丁酯) 构建高价值含氮杂环化合物的方法, 这些方法绿色高效、操作简便、适用性广, 具有极大的应用价值。
606 0  @a杂环化合物@Aza huan hua he wu@x研究
690    @aO626@v5
701  0 @a闫溢哲@Ayan yi zhe@4著
801  0 @aCN@bBJXHZP@c20230228
905    @b1397760-3@dO626@e10@f4
    
    新型有机合成子构建含氮杂环研究/闫溢哲著.-北京:中国纺织出版社有限公司,2020.09
    186页:图;24cm
    
    
    ISBN 978-7-5180-7607-9:CNY68.00
    本书针对课题组关于新型有机合成子用于含氮杂环化合物合成的研究成果, 主要介绍作者利用新型碳合成子 (酰胺、叔胺、醚、醇、卤代烃、脂肪酸衍生物) 或新型氮合成子 (硝基甲烷、亚硝酸叔丁酯) 构建高价值含氮杂环化合物的方法, 这些方法绿色高效、操作简便、适用性广, 具有极大的应用价值。
●
相关链接 在E读中查询图书 在五车中查询图书 在当当中查询图书 在豆瓣中查询图书


正题名:新型有机合成子构建含氮杂环研究     索取号:O626/10         预约/预借

序号 登录号 条形码 馆藏地/架位号 状态 备注
1 1397760   213977605   第二样本阅览室/ [索取号:O626/10] 在馆    
2 1397761   213977614   第三借阅区/ [索取号:O626/10] 在馆    
3 1397762   213977623   第三借阅区/ [索取号:O626/10] 在馆    
4 1397763   213977632   第三借阅区/ [索取号:O626/10] 在馆    
唐山师范学院图书馆 欢迎您!
大连网信软件有限公司© 版权所有